000 00742nam a2200241Ia 4500
003 OSt
005 20220923222242.0
006 a|||||r|||| 00| 0
007 ta
008 220922b |||||||| |||| 00| 0 hin d
024 _a204,007
037 _cTextual
040 _aARTS
_cARTS
_bhin
041 _2hin
_ahin
082 _aO153,3N22,SK, L9
100 _aजीत, गुरमुख सिंह
245 0 _aसुरखाब के पर
246 _aSurakhāb ke para
260 _aनर्द दिल्ली
_b लिपि प्रकाशन
_c1979
300 _a153पृ.
_ccm.
942 _hO153,3N22,SK, L9
_cTEXL
_2CC
999 _c354757
_d354757